Detalles MARC
| 000 -LIDER |
| fixed length control field |
01098nam a22003257a 4500 |
| 001 - NÚMERO DE CONTROL |
| Identificador de número de control |
1457 |
| 003 - IDENTIFICACDOR DE NÚMERO DE CONTROL |
| control field |
DO-SdBNP |
| 005 - DATE AND TIME OF LATEST TRANSACTION |
| control field |
20171110115739.0 |
| 007 - CAMPOS FIJOS DE DESCRIPCIÓN FÍSICA |
| fixed length control field |
1457 |
| 008 - ELEMENTOS DE LONGITUD FIJA |
| fixed length control field |
160921b 2007 ck |||| |||| 00| 0 spa d |
| 020 ## - ISBN |
| International Standard Book Number |
9789588203430 |
| 040 ## - FUENTE DE CATALOGACIÓN |
| Agencia que crea de manera original el registro |
BPMSU |
| Idioma de catalogación |
spa |
| Agencia que realiza la transcripción |
BPMSU |
| 082 ## - NÚMERO DE CLASIFICACIÓN DECIMAL DE DEWEY |
| Classification number |
641.34 |
| Item number |
D945c |
| 245 13 - MENCIÓN DE TITULO |
| Título |
Frutas que curan / |
| Mención de responsabilidad |
editor Felipe Durán Ramírez ; colaboradores Esleider Moncada Durango ... [et al.] ; fotografía Felipe Durán Ramírez, Jaime Durán Naranjo, Luis Felipe Durán Naranjo. |
| 260 ## - PUBLICACIÓN, DISTRIBUCIÓN, ETC. (PIE DE IMPRENTA) |
| Lugar de publicación, distribución, etc |
Bogotá : |
| Nombre del editor, distribuidor, etc. |
Grupo Latino Editores, |
| Fecha de publicación, distribución, etc |
2007. |
| 300 ## - DESCRIPCIÓN FÍSICA |
| Extensión |
240 p. : |
| Otros detalles físicos |
il. ; |
| Dimensiones |
28 cm. |
| 440 ## - MENCIÓN DE SERIE/ENTRADA SECUNDARIA--TÍTULO |
| Nombre de la parte o sección de una obra |
|
| 504 ## - NOTA DE BIBLIOGRAFÍA, ETC. |
| Bibliography, etc |
Bibliografía: p. 234-240 |
| 650 #4 - ENCABEZAMIENTO DE MATERIA--TEMÁTICO |
| Término temático o nombre geográfico como elemento de entrada |
FRUTAS |
| 650 #4 - ENCABEZAMIENTO DE MATERIA--TEMÁTICO |
| Término temático o nombre geográfico como elemento de entrada |
NUTRICIÓN |
| 650 #4 - ENCABEZAMIENTO DE MATERIA--TEMÁTICO |
| Término temático o nombre geográfico como elemento de entrada |
FRUTAS |
| Subdivisión de forma |
VALOR NUTRITIVO |
| 650 ## - ENCABEZAMIENTO DE MATERIA--TEMÁTICO |
| Término temático o nombre geográfico como elemento de entrada |
FRUTOTERAPIA |
| 700 12 - ASIENTO SECUNDARIO -- NOMBRE PERSONAL |
| Nombre personal |
Durán Ramírez, Felipe |
| Mención de responsabilidad |
ed. |
| 700 12 - ASIENTO SECUNDARIO -- NOMBRE PERSONAL |
| Nombre personal |
Moncada Durango, Esleider. |
| 700 1# - ASIENTO SECUNDARIO -- NOMBRE PERSONAL |
| Nombre personal |
Durán Naranjo, Jaime, |
| Mención de responsabilidad |
fot. |
| 700 12 - ASIENTO SECUNDARIO -- NOMBRE PERSONAL |
| Nombre personal |
Durán Naranjo, Luis Felipe, |
| Mención de responsabilidad |
fot. |
| 942 ## - ADDED ENTRY ELEMENTS (KOHA) |
| Source of classification or shelving scheme |
Dewey Decimal Classification |
| Koha item type |
Libros |
| 945 ## - INFORMACIÓN DE PROCESAMIENTO LOCAL |
| Información de procesamiento local |
Invetariado extranjerov / 2017 VM |
| 956 ## - LOCAL ELECTRONIC LOCATION AND ACCESS (OCLC) |
| Nombre de host |
VMATEO |
| Número de acceso |
10 |
| Información de compresión |
20160921 |
| Trayectoria |
BPMSU |
| Nombre Electrónico |
0069 |